ბათუმის შოთა რუსთაველის სახელმწიფო უნივერსიტეტის ბიბლიოთეკა

ეთიკა : (ბიბ.ჩანაწერი № 58821)

000 -ლიდერი
ფიქსირებული სიგრძის საკონტროლო ველი 00739nam a22001937a 4500
003 - საკონტროლო ნომრის იდენტიფიკატორი
საკონტროლო ველი Ge_BSU
005 - ბოლო ოპერაციის თარიღი და დრო
საკონტროლო ველი 20221005143153.0
008 - ფიქსირებული სიგრძის მონაცემთა ელემენტები - ზოგადი ინფორმაცია
ფიქსირებული სიგრძის საკონტროლო ველი 221005b xxu||||| |||| 00| 0 geo d
041 ## - ენის კოდი
Language code of text/sound track or separate title geo
080 ## - უნივერსალური ათობითი კლასიფიკაციის ინდექსი
Universal Decimal Classification number 17(075.8) ბ-23
100 ## - მთავარი ჩანაწერი - პიროვნების სახელი
Personal name ბანძელაძე, გ.
9 (RLIN) 3556
245 ## - ცნობა სათაურის შესახებ
Title ეთიკა :
Remainder of title [სახელმძღვ. უმაღლ. სასწ. სტუდენტებისათვის] /
Statement of responsibility, etc გ. ბანძელაძე.
250 ## - გამოცემის ცნობა
Edition statement მე-4 გამოც.
264 ## - წარმოების, გამოცემის, დისტრიბუციის და სხვა ცნობები
გამოცემის, წარმოების, დისტრიბუციის... ადგილი თბ. :
გამოცემის, წარმოების, დისტრიბუციის... სახელწოდება განათლება,
გამოცემის, წარმოების, დისტრიბუციის... თარიღი 1980.
300 ## - ფიზიკური აღწერა
Extent 555 გვ. ;
Other physical details 21 სმ.
501 ## - შენიშვნა თანმხლებ მასალაზე
With note სახელთა საძიებელი: გვ.548-551.
653 ## - INDEX TERM--UNCONTROLLED
Uncontrolled term ეთიკა
942 ## - ADDED ENTRY ELEMENTS (KOHA)
Source of classification or shelving scheme
Koha item type წიგნი
ეგზემპლარები
ჩამოწერის სტატუსი დაკარგული ეგზემპლარის სტატუსი კლასიფიკაციის წყარო ან თაროზე გაწყობის სქემა დაზიანების სტატუსი არ გაიცემა მუდმივი მდებარეობა (დაცვის ადგილი) ამჟამინდელი ადგილსამყოფელი თაროზე განთავსების ადგილი შეძენის თარიღი ღირებულება, შესყიდვის ნორმალური ფასი სრული შენახვის შიფრი შტრიხკოდი ბოლო ოპერაციის თარიღი ეგზემპლარის მიმდევრობითი ნომერი (კეტერი?) ფასის ძალაში შესვლის თარიღი ეგზემპლარის სახეობა საჯარო შენიშვნა
          ბათუმის შოთა რუსთაველის სახელმწიფო უნივერსიტეტის მთავარი ბიბლიოთეკა ბათუმის შოთა რუსთაველის სახელმწიფო უნივერსიტეტის მთავარი ბიბლიოთეკა წიგნსაცავი 2022-10-05 2.40 17(075.8) ბ-23 28589 2022-10-05 28589 2022-10-05 წიგნი 2ლ. 40თ.